=LDR 00000nam 2200000 4500 =001 INLIS000000000042031 =005 20201116094252 =035 ##$$a 0010-061300000042031 =008 201116################g##########0#ind## =041 ##$$a ind =082 ##$$a 320.8 =090 ##$$a 320. 8, Irt d =100 ##$$a Irtanto =245 1#$$a Dinamika politik lokal : $b Era otonomi daerah /$c Irtanto =260 ##$$a Yogyakarta :$b Pustaka Pelajar,$c 2008 =300 ##$$a Xii,283 hlm, : $b Ilus ; $c 21 x 14 cm. =650 #4$$a Politik =850 ##$$a NBPNMAT =020 ##$$a 978-602-8055-65-9 =084 ##$$a 320.8 IRT d =250 ##$$a Cet. 1 =504 ##$$a Bibliografi :hlm.284-285 =520 ##$$a Biografi :hlm.287-288 =990 ##$$a 51200478